| 000 | 01156nac a22003131i 4500 | ||
|---|---|---|---|
| 003 | EG-ScBUE | ||
| 005 | 20240923101147.0 | ||
| 008 | 240923t2008 maua f d 001 0 eng d | ||
| 020 | _a0618803599 (main student text) | ||
| 020 | _a9780618803590 | ||
| 040 |
_aEG-ScBUE _beng _erda _cEG-ScBUE _dEG-ScBUE |
||
| 082 | 0 | 4 |
_a512.921 _bAUF _222 |
| 100 | 1 |
_aAufmann, Richard, _eauthor. |
|
| 245 | 1 | 0 |
_aBeginning algebra with applications / _cRichard Aufmann, Palomar College, California, Vernon Barker, Palomar College, California, Joanne Lockwood, New Hampshire Community, Technical College, New Hampshire.. |
| 250 | _aSeventh edition. | ||
| 264 | 1 |
_aBoston, MA : _bHoughton Mifflin Company, _c[2008] |
|
| 264 | 4 | _cc2008 | |
| 300 |
_a1 volume (various pagings) : _billustrations (some color) ; _c30 cm |
||
| 336 |
_2rdacontent _atext _btxt |
||
| 337 |
_aunmediated _2rdamedia _bn |
||
| 338 |
_avolume _bnc _2rdacarrier |
||
| 500 | _aIncludes glossary. | ||
| 500 | _aIncludes index. | ||
| 650 | 7 |
_2BUEsh _aAlgebra. |
|
| 655 | _vReading book | ||
| 700 | 1 |
_aBarker, Vernon, _eauthor. |
|
| 700 | 1 |
_aLockwood, Joanne, _eauthor. |
|
| 942 |
_cBB _2ddc |
||
| 999 |
_c3304 _d3304 |
||